Bloxd.io Ores - Statistics

General Stats
  • This quiz has been taken 131 times
  • The average score is 5 of 5
Answer Stats
Answer % Correct
Iron
98%
Diamond
96%
Coal
94%
Gold
94%
Moonstone
80%
No matching quizzes found
Score Distribution
Percent of People with Each Score
Percentile by Number Answered
Your Score History
You have not taken this quiz